000
00284nam a2200109Ia 4500
008
190216s9999||||xx |||||||||||||| ||und||
100
_a
James Stephenson
245
0
_a
Principles And Practice Of Commerce
260
_b
Prentice Hall Of India Pvt Ltd
_c
1965
300
_a
616p
942
_c
BK
999
_c
3878
_d
3878